00633cam a2200205 a 450000100100000000500170001000800410002702000150006804000200008308200240010310000400012724500930016725000110026026000330027130000210030449000260032565000220035165000260037383000280039900000910120200929161503.0860605s1994 sp a b 001 0 spa  a843200751X aDO-SdBNPdBNPHU a863.64bS211g, 19941 aSánchez Dragó, Fernando,d1936-10aGárgoris y Habidis :buna historia mágica de España /cFernando Sánchez Dragó. a3a ed. aBarcelona :bPlaneta,c1994. a949 p. ;c19 cm.1 aPlaneta Bolsillov391 4aNovela española 4aLiteratura española 0aPlaneta Bolsillo ;v391